000 01347nam a22003618i 4500
001 020503299
003 EG-ScBUE
005 20220517131924.0
008 220228t2021 sz a f b 000 0 eng d
020 _a9783030701970 (hbk.)
040 _aStDuBDS
_beng
_erda
_cStDuBDS
_dEG-ScBUE
082 0 4 _a069.028568
_222
_bAUG
245 0 0 _aAugmented reality in tourism, museums and heritage :
_ba new technology to inform and entertain /
_cVladimir Geroimenko, editor.
264 1 _aCham, Switzerland :
_bSpringer,
_c[2021]
264 4 _c©2021
300 _axx, 322 pages :
_billustrations (black and white, and colour) ;
_c24 cm.
336 _atext
_2rdacontent
_btxt
337 _acomputer
_2rdamedia
_bn
338 _avolume
_2rdacarrier
_bnc
490 0 _aSpringer series on cultural computing
500 _aAlso issued in print: 2021.
504 _aIncludes bibliographical references.
650 7 _aMuseums
_xTechnological innovations.
_2BUEsh
650 7 _aCultural property
_xTechnological innovations.
_2BUEsh
650 7 _aTourism
_xTechnological innovations.
_2BUEsh
650 7 _aAugmented reality.
_2BUEsh
653 _bART
_cMay2022
655 _vReading book
_934232
700 1 _aGeroimenko, Vladimir,
_d1955-
_eeditor.
776 0 8 _iPrint version :
_z9783030701970
942 _2ddc
_cBB
999 _c29889
_d29860